Practice excercise in mathematics part -3 (Record no. 4937)
[ view plain ]
| 000 -LEADER | |
|---|---|
| fixed length control field | 00235nam a22000857a 4500 |
| 008 - FIXED-LENGTH DATA ELEMENTS--GENERAL INFORMATION | |
| fixed length control field | 161215b xxu||||| |||| 00| 0 eng d |
| 100 ## - MAIN ENTRY--PERSONAL NAME | |
| 9 (RLIN) | 2068 |
| Personal name | Garg, P.K |
| 245 ## - TITLE STATEMENT | |
| Title | Practice excercise in mathematics part -3 |
| 260 ## - PUBLICATION, DISTRIBUTION, ETC. (IMPRINT) | |
| Place of publication, distribution, etc. | NEW DELHI |
| Name of publisher, distributor, etc. | NCERT |
| Date of publication, distribution, etc. | 2007 |
| Withdrawn status | Lost status | Source of classification or shelving scheme | Damaged status | Koha normalized classification for sorting | Not for loan | Home library | Current library | Shelving location | Date acquired | Total Checkouts | Full call number | Barcode | Date last seen | Price effective from | Koha item type |
|---|---|---|---|---|---|---|---|---|---|---|---|---|---|---|---|
| Dewey Decimal Classification | 510_000000000000000 | Good Samaritan School Library | Good Samaritan School Library | Mathematics | 12/15/2016 | 510 | GAR5133 | 12/15/2016 | 12/15/2016 | BOOK |